000 00570nam a2200217Ia 4500
008 160819s9999 xx 000 0 und d
020 _a978-1-84430-102-7
050 _aCUL TX 819
050 _b.C9V37 2004
100 _aVassallo, Jody.
245 _aEasy curries /
245 _cJody Vassallo; photographs by Deirdre Rooney.
260 _aUnited Kingdom :
260 _bHachette Illustrated,
260 _c2004
300 _a159 pages :
300 _bcolor illustrations ;
300 _c29 cm.
500 _aIncludes index.
650 _aCooking (Curry).
999 _c300704
_d300704